00685nam a2200229 a 4500001001300000003000900013005001700022008004100039020001000080082001700090245004500107260004300152300000900195500003500204505002000239650002200259710002700281902000800308942000700316952011700323999001500440nice12345678IN_TiNIC20260116012110.0050524s1954 hyda grp 000 0 eng  ac10000a954.84bCRO1 aChronology of Modern Hyderabad 1720-1890 aHyderabadbCentral Record Officec1954 a326p aincludes index and biblioraphy2 aIndex, Glossary aHyderabad-History2 aCentral Records Office bSRS cBK 001040708StackRoom-aHMIbHMId2007-04-10g100.00l0o954.84 CRO1p08023r2007-04-10v100.00w2005-05-24yBK c5631d5631